• 首页
  • 本馆介绍
  • 公告通知
  • 最新文献
  • 馆藏检索
  • 电子资源
  • 读者导购
  • 参考咨询
  • 我的图书馆
  • 登录
  • 详细信息显示
  • 放入我的书架
  • 预约/预借图书
  • 作者相关作品
  • 分类相关作品
  • 丛书相关作品
  • 出版社相关作品

书目信息

  • 表格格式
  • 工作单格式
  • 卡片格式
题名:
国际经济学
    
 
作者: 克鲁格曼 , 奥伯斯法尔德 著 ;黄卫平 译
分册: 下册   国际金融部分
出版信息: 北京   中国人民大学出版社  2011.2
页数: 275-661页
开本: 26cm
丛书名: 经济科学译丛
单 册:
中图分类: F11-0
科图分类:
主题词: 国际经济学 , 国际金融
电子资源:
ISBN: 978-7-300-13101-6
000 01215oam2 2200325 450
001 351578
005 20161017103911.78
010    @a978-7-300-13101-6@dCNY49.00
100    @a20110328d2011 em y0chiy50 ea
101 1  @achi@ceng
102    @aCN@b110000
105    @ay z 000yy
106    @ar
200 1  @a国际经济学@e理论与政策@h下册@i国际金融部分@f保罗·R. 克鲁格曼(Paul R. Krugman),茅瑞斯·奥伯斯法尔德(Maurice Obstfeld)著@g黄卫平等译
210    @a北京@c中国人民大学出版社@d2011.2
215    @a275-661页@d26cm
225 2  @a经济科学译丛
304    @a英文共同题名:International economics: theory and policy
305    @a培生教育出版公司授权出版 据原书第8版译出
330    @a本书包括世界贸易概览、国际要素流动、贸易的政策工具、贸易政策中的政治经济学、贸易政策中的争议等篇章,主要讨论有关国际金融的问题,包含了国际经济学最重要的新进展。
461  0 @12001 @a经济科学译丛
517 1  @a理论与政策
606 0  @a国际经济学
606 0  @a国际金融
690    @aF11-0@v5
701  0 @c(美)@a克鲁格曼@c(Krugman,Paul R.@f1953~)@4著
701  0 @c(美)@a奥伯斯法尔德@c(Obstfeld,Maurice)@4著
702  0 @a黄卫平@f(1951~)@4译
801  0 @aCN@bTANGWEI@c20160820
905    @b0895380-4@dF11-0@e175:2@f5
    
    国际经济学:理论与政策.下册.国际金融部分/保罗·R. 克鲁格曼(Paul R. Krugman),茅瑞斯·奥伯斯法尔德(Maurice Obstfeld)著/黄卫平等译 .-北京:中国人民大学出版社,2011.2
    275-661页;26cm.-(经济科学译丛)
    
    
    ISBN 978-7-300-13101-6:CNY49.00
    本书包括世界贸易概览、国际要素流动、贸易的政策工具、贸易政策中的政治经济学、贸易政策中的争议等篇章,主要讨论有关国际金融的问题,包含了国际经济学最重要的新进展。
●
相关链接 在E读中查询图书 在五车中查询图书 在当当中查询图书 在豆瓣中查询图书


正题名:国际经济学     索取号:F11-0/175:2         预约/预借

序号 登录号 条形码 馆藏地/架位号 状态 备注
1 0895380   208953809   第一样本阅览室/ [索取号:F11-0/175:2] 在馆    
2 0895381   208953818   第一借阅区/ [索取号:F11-0/175:2] 在馆    
3 0895382   208953827   第一借阅区/ [索取号:F11-0/175:2] 在馆    
4 0895383   208953836   第一借阅区/ [索取号:F11-0/175:2] 在馆    
5 0895384   208953845   密集书库-海洋学院/ [索取号:F11-0/175:2] 在馆    
唐山师范学院图书馆 欢迎您!
大连网信软件有限公司© 版权所有